00326nam a2200121Ia 4500008004100000020001500041100002200056245004400078260001600122500002400138650001500162700002700177230524s9999 xx 000 0 und d a8174465197 aNilanjan Sengupta 0aInternational Human Resource Management bExcel Books aQuantity Number: 2 aManagement aMousumi S.Bhattacharya